Text book of physiology / (Record no. 37984)

MARC details
000 -LEADER
fixed length control field 00695nam a22002057a 4500
005 - DATE AND TIME OF LATEST TRANSACTION
control field 20100727161044.0
010 ## - LCCN (DPL NO)
LC control number ENG-97141
020 ## - INTERNATIONAL STANDARD BOOK NUMBER
International Standard Book Number 8190812858
Terms of availability 100.00
020 ## - INTERNATIONAL STANDARD BOOK NUMBER
International Standard Book Number 9788190812856
Terms of availability 100.00
035 ## - SYSTEM CONTROL NUMBER
System control number EN-80674
037 ## - SOURCE OF ACQUISITION
Source of stock number/acquisition DBAD/PUB
082 ## - DEWEY DECIMAL CLASSIFICATION NUMBER
Classification number 612
100 ## - MAIN ENTRY--PERSONAL NAME
Personal name Jagadeesan, K.
245 ## - TITLE STATEMENT
Title Text book of physiology /
Statement of responsibility, etc by K. Jagadessan
260 ## - PUBLICATION, DISTRIBUTION, ETC. (IMPRINT)
Place of publication, distribution, etc Kaveripattinam
Name of publisher, distributor, etc Bharati and Bharati Publicatins
Date of publication, distribution, etc 2009
270 ## - ADDRESS
Address 21 (15) 2nd Cross street
City Kaveripattnam
Postal code 635112
300 ## - PHYSICAL DESCRIPTION
Extent v.1 (94p.);
Other physical details ill.
Dimensions 21cm (pbk)
942 ## - ADDED ENTRY ELEMENTS (KOHA)
Source of classification or shelving scheme Dewey Decimal Classification
Item type English Books
Classification part 612
Call number suffix JAG
Holdings
Withdrawn status Lost status Not for loan Collection code Home library Current library Date acquired Source of acquisition Cost, normal purchase price Full call number Barcode Copy number Cost, replacement price Koha item type
    Not For Loan Non-fiction D.B.Act.Division D.B.Act.Division 27/07/2010 DBAD/PUB 100.00 612 JAG EN-80674 1 100.00 English Books

© Delhi Public Library
Hit Counter
free hit counter